|
|
|
|
| LEADER |
00000nam a22000007a 4500 |
| 005 |
20210223205418.0 |
| 007 |
cr|||| |||| |
| 008 |
210223s2013 us |||||s|||| 00||0 eng d |
| 020 |
|
|
|a 978-1-78190-619-4
|
| 035 |
|
|
|a 32038
|
| 040 |
|
|
|a vLex
|
| 090 |
|
|
|c 11215
|d 11215
|
| 100 |
1 |
|
|a Sarat, Austin
|
| 245 |
1 |
0 |
|a Studies in Law, Politics, and Society
|h [Recurso electrn̤ico] /
|c Austin Sarat
|n vol. 61
|
| 256 |
|
|
|a Servicio en ln̕ea
|
| 260 |
|
|
|a Bingley:
|b Emerald Group Publishing Limited,
|c 2013
|
| 300 |
|
|
|a 1 recurso electrn̤ico
|
| 506 |
1 |
|
|a Disponible solo en los productos indicados
|d vLex Global
|d vLex Global (Academic Edition, excluding Law Schools)
|d vLex Global (Academic Edition, Law Schools)
|
| 650 |
0 |
4 |
|a Ciencias sociales
|z Estados Unidos
|
| 740 |
0 |
|
|a vLex Libros (Servicio en ln̕ea)
|
| 856 |
0 |
4 |
|u http://vlex.com/source/32038
|z Acceso restringido
|
| 942 |
|
|
|c BOOK
|
| 999 |
0 |
|
|a Social Sciences
|